00489naa a2200205 a 450000100080000000500110000800800410001910000200006024500270008026000090010765000240011665300110014065300160015165300160016765300220018365300170020565300120022265300150023477300340024910132152021-07-29 1999 bl uuuu u00u1 u #d1 aWATANABE, M. A. aA reacao dos vegetais. c1999 aControle Biológico aCitros aCochonilhas aHospedeiros aInimigos naturais aParasitoides aPlantas aPredadores tCutivargn.12, p.31-32, 1999.